Statistiken für Flaggen mit nur Blau und Weiß - Bildquiz

Klicken Sie hier um das Quiz zu spielen!

Allgemein

  • Dieses Quiz wurde 333 mal gespielt
  • Das Durchschnittsergebnis liegt bei 5 aus 6

Antwortstatistiken

Antwort% Korrekt
Finnland
99%
Griechenland
99%
Israel
99%
Honduras
81%
Somalia
72%
Mikronesien
67%

Verteilung der Resultate

Perzentil nach korrekt beantworteten Fragen

Anzahl Personen mit jedem Resultat

Ihre Resultats-Entwicklung

Sie haben dieses Quiz noch nicht gespielt